|
|
|
|
| LEADER |
01006naa a2200253 i 4500 |
| 001 |
publ32837 |
| 005 |
20250506150039.0 |
| 008 |
250506s1988 hu o 000 eng d |
| 020 |
|
|
|a 9783110115468; 9780899254302
|
| 024 |
7 |
|
|a 1174388
|2 mtmt
|
| 040 |
|
|
|a SZTE Publicatio Repozitórium
|b hun
|
| 041 |
|
|
|a eng
|
| 100 |
1 |
|
|a Ferenczi R.
|
| 245 |
1 |
0 |
|a Application of mercaptoethanesulfonic acid for mild hydrolysis of peptides and proteins
|h [elektronikus dokumentum] /
|c Ferenczi R.
|
| 260 |
|
|
|a Walter de Gruyter GmbH & Co KG
|b Berlin
|c 1988
|
| 300 |
|
|
|a 4
|
| 300 |
|
|
|a 87-90
|
| 490 |
0 |
|
|a Peptides : Chemistry, biology, interactions with proteins: Proceedings of the 50th Anniversary Symposium of the Nobel-Prize of Albert Szent-Györgyi
|
| 650 |
|
4 |
|a Kémiai tudományok
|
| 650 |
|
4 |
|a Általános orvostudomány
|
| 650 |
|
4 |
|a Egyéb orvostudományok
|
| 700 |
0 |
1 |
|a Penke Botond
|e aut
|
| 700 |
0 |
1 |
|a Csapó János
|e aut
|
| 856 |
4 |
0 |
|u http://publicatio.bibl.u-szeged.hu/32837/1/aok_klny_198_88.pdf
|z Dokumentum-elérés
|